Music Quiz

Random Music or Song Quiz
Score 0/68 Timer 10:00
9 Plays Today
% Correct
Stressed Out
92.4%
Jumpsuit
89.5%
Ride
87%
Chlorine
83.8%
Heavydirtysoul
83.6%
Nico and the Niners
83.5%
Levitate
83.2%
Car Radio
82.1%
Car Radio
82.1%
Trees
81.4%
Trees
81.4%
My Blood
80.6%
Leave the City
80.1%
Pet Cheetah
79.3%
Goner
79.3%
Morph
79.1%
Ode To Sleep
78.4%
Ode To Sleep
78.4%
Holding On To You
78.2%
Holding On To You
78.2%
Tear In My Heart
77.3%
Neon Gravestones
77.1%
Lane Boy
75.9%
Legend
75.7%
Smithereens
75.2%
Bandito
75.2%
House of Gold
75.2%
Guns for Hands
75.1%
Guns For Hands
75.1%
Migraine
74%
The Judge
73.4%
Truce
73.4%
Fairly Local
73.1%
The Hype
73%
% Correct
Cut My Lip
72.1%
Polarize
71.1%
Message Man
69.8%
Doubt
69.5%
Hometown
68.6%
Kitchen Sink
68.4%
We Don't Believe What's On TV
67.8%
Forest
66.9%
Ruby
65.8%
Addict With A Pen
65.7%
Not Today
65.5%
Screen
63.9%
Fall Away
63.7%
Isle of Flightless Birds
62.3%
Fake You Out
61.9%
Semi-Automatic
61.8%
Johnny Boy
61.7%
Lovely
59.7%
The Run And Go
59.6%
The Pantaloon
58.8%
Taxi Cab
58.4%
Implicit Demand for Proof
57.5%
Oh, Ms. Believer
57.4%
A Car, A Torch, A Death
56%
Trapdoor
55.3%
Friend, Please
54.9%
March To The Sea
54.8%
Glowing Eyes
54%
Anathema
52.9%
Slowtown
51.2%
Clear
50.3%
Air Catcher
50%
Before You Start Your Day
48.7%
Be Concerned
47.5%
Come Together.
Have Fun.
All Virtual.
We all need to come together. Play Sporcle's virtual live trivia to have fun, connect with people, and get your trivia on. Join a live hosted trivia game for your favorite pub trivia experience done virtually. If a virtual private party is more your thing, go here for details.

You're not logged in!

Compare scores with friends on all Sporcle quizzes.
OR
Log In

Sporcle TV

Today on Sporcle TV


Watch our educational content, quiz creation guides, and fun videos on Sporcle TV.

Show Comments

Extras

Top Quizzes Today


Score Distribution

Paid Content

Your Account Isn't Verified!

In order to create a playlist on Sporcle, you need to verify the email address you used during registration. Go to your Sporcle Settings to finish the process.

Report this User

Report this user for behavior that violates our Community Guidelines.

Details: